Sarah, Sissy Weed, and the ships of the desert /

Sarah and R.J., residents of a small town on the Texas coast in the 1850s, investigate whether the camels that have been shipped to their town are really a front for some illegal cargo, such as slaves.

Bibliographic Details
Main Author: Paul, Paula G.
Format: Book
Language:English
Published: Austin, Tex. : Eakin Press, 1985.
Edition:1st ed.
Subjects:

MARC

Tag First Indicator Second Indicator Subfields
LEADER 00000cam a2200000 a 4500
001 in00000008218
005 20151002080015.0
008 850131s1985 txu j 00111 eng
010 |a  85003818  
020 |a 0890155046 :  |c $8.95 (est.) 
035 |a (OCoLC)11727381 
035 |9 AAA0584AM 
040 |a DLC  |c DLC  |d m/c  |d OCL  |d TXA  |d UtOrBLW 
049 |a [Curr Col] TXAM  |c [A10754747] 
050 0 0 |a PZ7.P27838  |b Sar 1985 
100 1 |a Paul, Paula G. 
245 1 0 |a Sarah, Sissy Weed, and the ships of the desert /  |c by Paula G. Paul. 
250 |a 1st ed. 
264 1 |a Austin, Tex. :  |b Eakin Press,  |c 1985. 
300 |a v, 128 pages ;  |c 23 cm. 
336 |a text  |b txt  |2 rdacontent 
337 |a unmediated  |b n  |2 rdamedia 
338 |a volume  |b nc  |2 rdacarrier 
500 |a Includes index. 
520 |a Sarah and R.J., residents of a small town on the Texas coast in the 1850s, investigate whether the camels that have been shipped to their town are really a front for some illegal cargo, such as slaves. 
586 |a Texas Bluebonnet Award nominee, 1987. 
651 1 |a Texas  |x Fiction. 
650 1 |a Slavery  |z Texas  |x Fiction. 
999 |a MARS 
999 f f |s a8e69a07-612f-3576-956c-396ae277baad  |i 1d0fc5e8-bb10-3b08-a155-66ae02ac01bd  |t 0 
952 f f |p ric  |a Texas A&M University  |b Rellis Campus  |c Joint Library Facility  |d Remote Storage  |t 0  |e PZ7.P27838 Sar 1985  |h Library of Congress classification  |i unmediated -- volume  |m A14810754747 
998 f f |a PZ7.P27838 Sar 1985  |t 0  |l Remote Storage